00235nam a2200073Ia 4500008004100000082000800041100002100049245009100070240331s9999 xx 000 0 und d bTHI aThiruchandran, S 0aFeminine Speech transmissions :ban exploration into the lullabies and dirges of women